The law on negotiable instruments / (Record no. 20946)
[ view plain ]
| 000 -LEADER | |
|---|---|
| fixed length control field | 00623nam a2200229 a 4500 |
| 005 - DATE AND TIME OF LATEST TRANSACTION | |
| control field | 20140310183300.0 |
| 008 - FIXED-LENGTH DATA ELEMENTS--GENERAL INFORMATION | |
| fixed length control field | 041126s19uu xx 00 eng d |
| 020 ## - INTERNATIONAL STANDARD BOOK NUMBER | |
| International Standard Book Number | 9712329771 |
| 050 ## - LIBRARY OF CONGRESS CALL NUMBER | |
| Classification number | KF 5625.51.N3 |
| Item number | .T67 2000 |
| 100 ## - MAIN ENTRY--PERSONAL NAME | |
| Personal name | Torres, Justo P. |
| 245 ## - TITLE STATEMENT | |
| Title | The law on negotiable instruments / |
| Statement of responsibility, etc | Justo P. Torres. |
| 250 ## - EDITION STATEMENT | |
| Edition statement | 2000 ed. |
| 260 ## - PUBLICATION, DISTRIBUTION, ETC. (IMPRINT) | |
| Place of publication, distribution, etc | Manila, Philippines : |
| Name of publisher, distributor, etc | Rex Bookstore, |
| Date of publication, distribution, etc | 2000. |
| 300 ## - PHYSICAL DESCRIPTION | |
| Extent | 302 p. : |
| Dimensions | 21 cm. |
| 521 ## - TARGET AUDIENCE NOTE | |
| Target audience note | |
| 650 ## - SUBJECT ADDED ENTRY--TOPICAL TERM | |
| Topical term or geographic name as entry element | Negotiable instruments |
| General subdivision | Philippines. |
| 942 ## - ADDED ENTRY ELEMENTS (KOHA) | |
| Koha item type | Books |
| Source of classification or shelving scheme | Library of Congress Classification |
| Call number prefix | Local |
| Withdrawn status | Lost status | Source of classification or shelving scheme | Damaged status | Home library | Current library | Shelving location | Date acquired | Source of acquisition | Total Checkouts | Full call number | Barcode | Date last seen | Copy number | Price effective from | Koha item type | Total Renewals | Date checked out |
|---|---|---|---|---|---|---|---|---|---|---|---|---|---|---|---|---|---|
| Library of Congress Classification | Archives | Archives | 12/07/2013 | Donation | KF 5625.51.N3 .T67 2000 | C5502 | 05/08/2018 | 2 | 12/07/2013 | Books | |||||||
| Library of Congress Classification | Archives | Archives | 12/07/2013 | Donation | 1 | KF 5625.51.N3 .T67 2000 | C0983 | 05/08/2018 | 4 | 12/07/2013 | Books | 08/22/2014 | |||||
| Library of Congress Classification | College Library | College Library | Filipiniana Section | 11/26/2004 | Library Fund | KF 5625.51.N3 .T67 2000 | C5740 | 05/08/2018 | 1 | 10/10/2013 | Books | ||||||
| Library of Congress Classification | College Library | College Library | Filipiniana Section | 12/07/2013 | Library Fund | 3 | KF 5625.51.N3 .T67 2000 | C5473 | 07/30/2018 | 3 | 12/07/2013 | Books | 13 | 07/24/2018 |